[Event "XXXIII Memorial Edoardo Crespi A"]
[Site "Milano ITA"]
[Date "2012.12.05"]
[Round "1"]
[White "Aliberti, Emilio"]
[Black "Zuliani, Francesco"]
[WhiteElo "1899"]
[BlackElo "1783"]
[Result "0-1"]
[PlyCount "96"]
[EventDate "2012.12.05"]

1. d4 Nf6 2. c4 g6 3. g3 Bg7 4. Bg2 d6 5. Nf3 Nbd7 6. O-O O-O 7. Nc3 e5 8. d5
a5 9. e4 Nc5 10. Qc2 Bd7 11. Be3 b6 12. h3 h6 13. Ne1 Nh7 14. Qd2 g5 15. g4 Re8
16. Ne2 c6 17. Ng3 cxd5 18. exd5 Nf8 19. Bxc5 bxc5 20. Be4 Rb8 21. Ng2 Ng6 22.
Bxg6 fxg6 23. Ne4 Bc8 24. Ne3 Rf8 25. f3 a4 26. Rab1 Rb4 27. Nc2 Rb8 28. b4
axb3 29. axb3 Rf4 30. Kg2 h5 31. Ne3 Rb4 32. Qc2 Bf6 33. Nf2 e4 34. Nxe4 Bd4
35. Qd3 Kg7 36. Nc2 hxg4 37. fxg4 Be5 38. Rxf4 gxf4 39. Nxb4 cxb4 40. Rd1 Qb6
41. c5 dxc5 42. d6 Bd4 43. Nxc5 f3+ 44. Kxf3 Bxc5 45. d7 Bb7+ 46. Kg3 Qc7+ 47.
Kh4 Be7+ 48. g5 Qf4# 0-1

[Event "XXXIII Memorial Edoardo Crespi A"]
[Site "Milano ITA"]
[Date "2012.12.05"]
[Round "1"]
[White "Baltzopoulos, Giorgos"]
[Black "Picone, Franco"]
[WhiteElo "1956"]
[BlackElo "1848"]
[Result "1-0"]
[PlyCount "55"]
[EventDate "2012.12.05"]

1. d4 f5 2. Nf3 Nf6 3. Bg5 d5 4. Bxf6 exf6 5. e3 c5 6. Nc3 c4 7. Nd2 Be6 8. g3
Bb4 9. Ne2 Nc6 10. Nf4 Qd7 11. c3 Bd6 12. Bg2 Qf7 13. Nxe6 Qxe6 14. Nxc4 Bc7
15. Nd2 O-O 16. Qb3 Rad8 17. Qxb7 Rd7 18. Qb3 Ne7 19. O-O g5 20. Rfe1 Qf7 21.
Rac1 f4 22. e4 fxg3 23. hxg3 Rb8 24. Qa4 Ng6 25. b3 Kg7 26. exd5 h5 27. Ne4 h4
28. Nc5 1-0

[Event "XXXIII Memorial Edoardo Crespi A"]
[Site "Milano ITA"]
[Date "2012.12.05"]
[Round "1"]
[White "Berni, Francesco"]
[Black "Di Chiara, Mauro"]
[WhiteElo "1740"]
[BlackElo "1962"]
[Result "0-1"]
[PlyCount "94"]
[EventDate "2012.12.05"]

1. e4 d6 2. d4 Nf6 3. Nc3 g6 4. Be2 Bg7 5. Nf3 O-O 6. O-O c6 7. h3 b5 8. Bd3
Nbd7 9. a4 b4 10. Ne2 Bb7 11. Ng3 c5 12. Be3 Rc8 13. Qe2 cxd4 14. Bxd4 Nc5 15.
Bc4 Ncxe4 16. Nxe4 Nxe4 17. Ba6 Bxa6 18. Qxa6 Rxc2 19. Bxg7 Kxg7 20. Qd3 Rxf2
21. Rxf2 Nxf2 22. Kxf2 Qb6+ 23. Qd4+ Qxd4+ 24. Nxd4 Rc8 25. Re1 Kf6 26. Re2 Rc4
27. Ke3 b3 28. a5 Rb4 29. Kd3 e5 30. Rf2+ Kg7 31. Nc6 Rb7 32. g4 Rc7 33. Nb4
Rc5 34. a6 f5 35. gxf5 gxf5 36. Ke3 f4+ 37. Ke2 Kg6 38. Rf3 Kf5 39. Rxb3 e4 40.
Na2 Rc2+ 41. Kd1 Rh2 42. Rb7 f3 43. Rf7+ Ke5 44. Re7+ Kd4 45. Nb4 Rxb2 46. Nc6+
Kd3 47. Rb7 f2 0-1

[Event "XXXIII Memorial Edoardo Crespi A"]
[Site "Milano ITA"]
[Date "2012.12.05"]
[Round "1"]
[White "Brioschi, Camillo"]
[Black "Bonassi, Tommaso"]
[WhiteElo "1812"]
[BlackElo "1944"]
[Result "1-0"]
[PlyCount "69"]
[EventDate "2012.12.05"]

1. d4 e5 2. dxe5 Nc6 3. Nf3 Qe7 4. Nc3 Nxe5 5. e4 c6 6. Be2 Nxf3+ 7. Bxf3 d6 8.
O-O Nf6 9. Re1 Qe5 10. Nd5 Kd8 11. Nxf6 gxf6 12. Be3 Kc7 13. Bd4 Qe7 14. Qd2 b6
15. Qc3 Qe8 16. Bxf6 Rg8 17. e5 Be6 18. Rad1 dxe5 19. Qxe5+ Kb7 20. Rd3 Rc8 21.
a3 Be7 22. Bxe7 Qxe7 23. Rd6 Rg5 24. Qf4 Rc7 25. Qd2 a6 26. Rd1 Qf6 27. Qe3 h6
28. c3 Rc5 29. Bg4 Re5 30. Qd4 c5 31. Bf3+ Ka7 32. Rd8 Bc8 33. Rxc8 Qxf3 34.
Rxc7+ Kb8 35. Qd8# 1-0

[Event "XXXIII Memorial Edoardo Crespi A"]
[Site "Milano ITA"]
[Date "2012.12.05"]
[Round "1"]
[White "Brociner, Beniamino"]
[Black "Monticone, Sonia"]
[WhiteElo "1965"]
[BlackElo "1854"]
[Result "1-0"]
[PlyCount "43"]
[EventDate "2012.12.05"]

1. Nf3 c5 2. c4 e6 3. g3 b6 4. Bg2 Bb7 5. O-O Nf6 6. Nc3 Be7 7. d4 cxd4 8. Qxd4
Nc6 9. Qd2 a6 10. b3 O-O 11. Bb2 Qc7 12. Rac1 Rad8 13. e4 Qb8 14. Rfd1 Bc5 15.
Qe2 Ng4 16. Rf1 d5 17. cxd5 exd5 18. Nxd5 Rfe8 19. Ng5 Nxf2 20. Rxc5 Nxe4 21.
Bxe4 h6 22. Qh5 1-0

[Event "XXXIII Memorial Edoardo Crespi A"]
[Site "Milano ITA"]
[Date "2012.12.05"]
[Round "1"]
[White "Castrogiovanni, Carlo"]
[Black "Paganini, Andrea"]
[WhiteElo "1996"]
[BlackElo "1882"]
[Result "1-0"]
[PlyCount "47"]
[EventDate "2012.12.05"]

1. Nf3 d5 2. d4 Nf6 3. c4 c6 4. Nc3 a6 5. cxd5 cxd5 6. Bf4 e6 7. e3 Bd6 8. Bxd6
Qxd6 9. Ne5 Nbd7 10. f4 b5 11. Bd3 Bb7 12. O-O O-O 13. Rf3 Ne4 14. Bxe4 dxe4
15. Rf2 Nf6 16. Rc2 Rac8 17. Rac1 Rfd8 18. b3 Qb4 19. h3 Rxc3 20. Rxc3 Nd5 21.
Rc7 Nxe3 22. a3 Qxa3 23. Qd2 Nd5 24. Rxb7 1-0

[Event "XXXIII Memorial Edoardo Crespi A"]
[Site "Milano ITA"]
[Date "2012.12.05"]
[Round "1"]
[White "Ceka, Shpetim"]
[Black "Mouflih, Caesar Faycal"]
[WhiteElo "1862"]
[BlackElo "1982"]
[Result "0-1"]
[PlyCount "110"]
[EventDate "2012.12.05"]

1. e4 e5 2. Bc4 Nf6 3. Nc3 Nc6 4. Nf3 Bc5 5. O-O O-O 6. Nd5 h6 7. d3 d6 8. c3
Nxd5 9. exd5 Ne7 10. b4 Bb6 11. a4 c6 12. dxc6 bxc6 13. a5 Bc7 14. h3 d5 15.
Bb3 f5 16. Re1 Ng6 17. Be3 e4 18. Nh2 Ne5 19. dxe4 fxe4 20. Bc5 Rf7 21. Ra2 Nd3
22. Ree2 Nxc5 23. bxc5 Bf4 24. Re1 Qg5 25. Kh1 Bxh2 26. Kxh2 Qe5+ 27. Kh1 Qxc3
28. Rxe4 Bf5 29. Re3 Qxc5 30. Qd2 Rb8 31. Ra4 Rfb7 32. Bd1 Rb2 33. Qc3 Qxc3 34.
Rxc3 Rxf2 35. Bf3 Rc2 36. Raa3 Rbb2 37. Rab3 Rxb3 38. Rxb3 Ra2 39. Rc3 Bd7 40.
Rc5 Kf8 41. Bh5 Ke7 42. Kg1 Kd6 43. Rc3 Rxa5 44. Rf3 d4 45. g4 Rd5 46. Ra3 a5
47. Bg6 Kc5 48. Rxa5+ Kd6 49. Ra7 Rg5 50. Bf7 Be6 51. Be8 d3 52. Kf1 Re5 53.
Bg6 d2 54. Ra1 Bc4+ 55. Kf2 Re2+ 0-1

[Event "XXXIII Memorial Edoardo Crespi A"]
[Site "Milano ITA"]
[Date "2012.12.09"]
[Round "1"]
[White "Cerioni, Armando"]
[Black "Beltrami, Francesco"]
[WhiteElo "1979"]
[BlackElo "1856"]
[Result "1-0"]
[PlyCount "75"]
[EventDate "2012.12.05"]

1. d4 Nf6 2. Nf3 e6 3. e3 c5 4. Bd3 d5 5. b3 Nc6 6. Bb2 Qc7 7. Nbd2 Bd7 8. Rc1
cxd4 9. exd4 Nb4 10. a4 Nxd3+ 11. cxd3 Qf4 12. Ne5 Bb4 13. Rc2 Bxd2+ 14. Qxd2
Qxd2+ 15. Kxd2 Rc8 16. Rhc1 O-O 17. Nxd7 Rxc2+ 18. Rxc2 Nxd7 19. Rc7 Nb8 20.
Rxb7 a6 21. Rc7 Rd8 22. Ba3 h6 23. Bc5 Re8 24. Kc3 a5 25. Bb6 Na6 26. Rc6 Nb4
27. Rc5 Na2+ 28. Kd2 Rb8 29. Rb5 Nb4 30. Bxa5 Nc6 31. Rxb8+ Nxb8 32. Kc3 Kf8
33. Bb6 Ke8 34. Bc5 Nc6 35. b4 g6 36. b5 Na5 37. Kb4 Nb7 38. a5 1-0

[Event "XXXIII Memorial Edoardo Crespi A"]
[Site "Milano ITA"]
[Date "2012.12.05"]
[Round "1"]
[White "Colombo, Luca"]
[Black "D'Agostino, Maurizio"]
[WhiteElo "1884"]
[BlackElo "2008"]
[Result "0-1"]
[PlyCount "104"]
[EventDate "2012.12.05"]

1. e4 c5 2. Nc3 a6 3. g3 Nc6 4. Bg2 g6 5. d3 Bg7 6. Be3 d6 7. Qd2 Bd7 8. Nge2
b5 9. O-O Rb8 10. h3 b4 11. Nd1 a5 12. c3 Qc8 13. g4 h5 14. f3 hxg4 15. fxg4
Ne5 16. Ng3 Nf6 17. Rc1 Qa6 18. c4 Be6 19. b3 Nc6 20. Ne2 Bxg4 21. hxg4 Nxg4
22. Bf4 a4 23. Ne3 Nxe3 24. Bxe3 axb3 25. axb3 Qb6 26. Rf3 Ne5 27. Rff1 Ng4 28.
Bf4 e5 29. Bg3 Bh6 30. Qc2 Be3+ 31. Bf2 Nxf2 32. Rxf2 Qd8 33. Kf1 Bxf2 34. Kxf2
Qh4+ 35. Kf1 Ra8 36. Ng1 Qf4+ 37. Nf3 g5 38. Qd2 g4 39. Qxf4 exf4 40. e5 Ra2
41. exd6 gxf3 42. Bxf3 Kd7 43. Bd5 Kxd6 44. Re1 Rhh2 45. Kg1 Rhb2 46. Bxf7 Rxb3
47. d4 Rg3+ 48. Kf1 Re3 49. Rd1 b3 50. d5 b2 51. Bg6 Ra1 52. Bb1 Rc3 0-1

[Event "XXXIII Memorial Edoardo Crespi A"]
[Site "Milano ITA"]
[Date "2012.12.05"]
[Round "1"]
[White "D'Avino, Gianfranco"]
[Black "Virzi, Ettore"]
[WhiteElo "1855"]
[BlackElo "1974"]
[Result "1/2-1/2"]
[PlyCount "134"]
[EventDate "2012.12.05"]

1. d4 Nf6 2. c4 g6 3. g3 d5 4. cxd5 Nxd5 5. Bg2 Bg7 6. e4 Nb6 7. d5 O-O 8. Ne2
e6 9. Nbc3 exd5 10. exd5 Re8 11. O-O Nc4 12. b3 Nd6 13. Bb2 Bg4 14. Qd2 Na6 15.
Nd4 Qd7 16. Rfe1 Rxe1+ 17. Rxe1 Re8 18. Rxe8+ Qxe8 19. h3 Bd7 20. Kh2 Nc5 21.
Ba3 Nce4 22. Nxe4 Nxe4 23. Qe3 Nxg3 24. Qxe8+ Bxe8 25. fxg3 Bxd4 26. d6 c6 27.
h4 f5 28. Bf1 b5 29. Bc1 Kf7 30. a4 a6 31. axb5 axb5 32. Bh3 h5 33. Bf4 Ke6 34.
Bg2 Be5 35. d7 Bxd7 36. Bd2 Bd6 37. Bc3 Bc5 38. Bg7 Be3 39. Bf3 Kd6 40. Bf8+
Kc7 41. Bb4 Be6 42. Bd1 c5 43. Ba5+ Kc6 44. Bf3+ Bd5 45. Bd1 Be4 46. Bd8 Bd3
47. Kg2 Bd2 48. Kf2 c4 49. Bf3+ Be4 50. bxc4 Bxf3 51. cxb5+ Kxb5 52. Kxf3 Kc4
53. Bc7 Kd5 54. Bb8 Ke6 55. Bc7 g5 56. hxg5 Bxg5 57. Bb8 Kd5 58. Bc7 Ke6 59.
Bb8 Kf7 60. Bc7 Kg6 61. Bb8 Bd2 62. Bc7 Be1 63. Bd8 Bb4 64. Bc7 Be7 65. Bb8 h4
66. gxh4 Bxh4 67. Bh2 Bg5 1/2-1/2

[Event "XXXIII Memorial Edoardo Crespi A"]
[Site "Milano ITA"]
[Date "2012.12.05"]
[Round "1"]
[White "D'Orta, Antonio"]
[Black "Corso, Gabriele"]
[WhiteElo "1934"]
[BlackElo "1804"]
[Result "1-0"]
[PlyCount "41"]
[EventDate "2012.12.05"]

1. e4 e5 2. Bc4 Nf6 3. d3 d5 4. exd5 Nxd5 5. Nf3 Nc6 6. a3 Be7 7. Nbd2 O-O 8.
O-O Bg4 9. c3 a6 10. Ne4 Qd7 11. h3 Be6 12. Nfg5 Bf5 13. f4 exf4 14. Bxf4 Nxf4
15. Rxf4 Ne5 16. Ba2 Nxd3 17. Nxf7 Rxf7 18. Bxf7+ Kxf7 19. Rxf5+ Qxf5 20. Qxd3
Rd8 21. Nd6+ 1-0

[Event "XXXIII Memorial Edoardo Crespi A"]
[Site "Milano ITA"]
[Date "2012.12.05"]
[Round "1"]
[White "Deghi, Donatello"]
[Black "Dassisti, Alberto"]
[WhiteElo "1800"]
[BlackElo "1921"]
[Result "1/2-1/2"]
[PlyCount "60"]
[EventDate "2012.12.05"]

1. d4 d5 2. e3 Nf6 3. f4 Bf5 4. Nf3 a6 5. Be2 h6 6. O-O e6 7. c4 Nbd7 8. Nc3
dxc4 9. Bxc4 b5 10. Be2 c5 11. d5 exd5 12. Nxd5 Nxd5 13. Qxd5 Be6 14. Qd2 Be7
15. b3 O-O 16. Bb2 Rc8 17. Rad1 Qb6 18. Kh1 Bf6 19. e4 Bxb2 20. Qxb2 Bg4 21. e5
Rfd8 22. Rd6 Qb7 23. Rfd1 Qe4 24. Qd2 Rc6 25. Qd3 Qxd3 26. R1xd3 Rxd6 27. Rxd6
Ra8 28. h3 Be6 29. g4 g6 30. Kg2 Kf8 1/2-1/2

[Event "XXXIII Memorial Edoardo Crespi A"]
[Site "Milano ITA"]
[Date "2012.12.05"]
[Round "1"]
[White "Gemelli, Giovanni"]
[Black "Marincolo, Piercarlo"]
[WhiteElo "1845"]
[BlackElo "1950"]
[Result "1-0"]
[PlyCount "85"]
[EventDate "2012.12.05"]

1. e4 c5 2. Nf3 Nc6 3. d4 cxd4 4. Nxd4 Nf6 5. Nc3 e5 6. Ndb5 d6 7. Nd5 Nxd5 8.
exd5 Ne7 9. c4 Nf5 10. Bd3 g6 11. O-O Bg7 12. Bd2 O-O 13. Rc1 a6 14. Nc3 Nh6
15. Kh1 f5 16. f3 Bd7 17. Be3 f4 18. Bf2 b6 19. Ne4 Nf7 20. b4 Bf5 21. Qb3 Rb8
22. Rfd1 Kh8 23. Qa4 Qe7 24. c5 bxc5 25. bxc5 Bxe4 26. Bxe4 Rb2 27. Bg1 dxc5
28. Bxc5 Qg5 29. Rc2 Rxc2 30. Bxc2 Rd8 31. Qxa6 Bf6 32. Qe6 Kg7 33. d6 Qh5 34.
d7 Ng5 35. Qd5 Nf7 36. Bb3 Nh6 37. Bb6 Qh4 38. Bxd8 Bxd8 39. Qxe5+ Kf8 40. Re1
Nf7 41. Qe8+ Kg7 42. Qxf7+ Kh6 43. Qf8+ 1-0

[Event "XXXIII Memorial Edoardo Crespi A"]
[Site "Milano ITA"]
[Date "2012.12.05"]
[Round "1"]
[White "Iacchetti, Giovanni"]
[Black "Piantoni, Pierino"]
[WhiteElo "1775"]
[BlackElo "1899"]
[Result "0-1"]
[PlyCount "102"]
[EventDate "2012.12.05"]

1. c4 e6 2. Nc3 d5 3. d4 c5 4. Nf3 Nc6 5. g3 Nf6 6. Bg2 Be7 7. O-O O-O 8. cxd5
exd5 9. a3 c4 10. Qc2 Bg4 11. Rd1 Na5 12. Bf4 g6 13. Ne5 Bf5 14. e4 dxe4 15.
Nxe4 Nxe4 16. Bxe4 Bxe4 17. Qxe4 Bf6 18. Rac1 Rc8 19. Qf3 Bg7 20. Ng4 h5 21.
Ne5 Kh7 22. Qe2 Qd5 23. Qf3 Qxf3 24. Nxf3 Rfd8 25. Bg5 Rd5 26. Be3 b5 27. h4 f6
28. Nd2 f5 29. Nf3 Rcd8 30. Ng5+ Kg8 31. Ne6 Nb3 32. Rc3 R8d7 33. Nf4 R5d6 34.
Ne2 Nxd4 35. Nxd4 Bxd4 36. Bxd4 Rxd4 37. Re1 Kf7 38. Re2 Rd3 39. Rcc2 Re7 40.
Rxe7+ Kxe7 41. Re2+ Kd7 42. Kf1 Rd1+ 43. Kg2 Kd6 44. Re8 Kc5 45. Re6 Rd6 46.
Re5+ Kc6 47. a4 b4 48. Rb5 a5 49. Rxa5 c3 50. bxc3 bxc3 51. Re5 c2 0-1

[Event "XXXIII Memorial Edoardo Crespi A"]
[Site "Milano ITA"]
[Date "2012.12.05"]
[Round "1"]
[White "Murgia, Andrea"]
[Black "Papale, Carmelo"]
[WhiteElo "2009"]
[BlackElo "1885"]
[Result "1-0"]
[PlyCount "28"]
[EventDate "2012.12.05"]

1. e4 c5 2. c3 d6 3. d4 cxd4 4. cxd4 Nf6 5. Nc3 e6 6. Nf3 Be7 7. Bd3 Nc6 8. O-O
a6 9. Bg5 O-O 10. Rc1 Qa5 11. e5 dxe5 12. b4 Nxb4 13. dxe5 Nbd5 14. exf6 gxf6
1-0

[Event "XXXIII Memorial Edoardo Crespi A"]
[Site "Milano ITA"]
[Date "2012.12.05"]
[Round "1"]
[White "Nardone, Massimo"]
[Black "Cervini, Gian Piero"]
[WhiteElo "1925"]
[BlackElo "1800"]
[Result "1/2-1/2"]
[PlyCount "121"]
[EventDate "2012.12.05"]

1. d4 Nf6 2. Nf3 g6 3. Nbd2 Bg7 4. e4 d6 5. Bd3 O-O 6. O-O Nc6 7. c3 e5 8. dxe5
Nxe5 9. Nxe5 dxe5 10. Nf3 Nh5 11. Re1 Bg4 12. h3 Bd7 13. Bg5 f6 14. Bc4+ Kh8
15. Bh4 Qe8 16. Be2 Nf4 17. Bg3 Nxe2+ 18. Rxe2 Rd8 19. Rd2 Qe7 20. Qe1 Bh6 21.
Rdd1 Bc6 22. Nh2 Rxd1 23. Rxd1 Rd8 24. Ng4 Bg7 25. f3 h5 26. Ne3 f5 27. exf5
gxf5 28. Nxf5 Qc5+ 29. Bf2 Rxd1 30. Qxd1 Qf8 31. Nxg7 Qxg7 32. Qd8+ Kh7 33.
Qd3+ e4 34. fxe4 Qg6 35. Qg3 Qxe4 36. Qxc7+ Kg6 37. Qg3+ Kf5 38. Qf3+ Qxf3 39.
gxf3 a6 40. Kg2 Kf4 41. Bg3+ Ke3 42. Bf2+ Kf4 43. Bb6 Bxf3+ 44. Kf2 Bd5 45. a4
Be6 46. h4 Bb3 47. a5 Bc2 48. Ke1 Bb3 49. Kd2 Ke4 50. Bg1 Ba4 51. c4 Bc6 52.
Kc3 Ke5 53. Kb4 Kd6 54. Bh2+ Kd7 55. Kc5 Bg2 56. b4 Bf3 57. b5 axb5 58. cxb5
Bg2 59. Kb6 Kc8 60. a6 bxa6 61. bxa6 1/2-1/2

[Event "XXXIII Memorial Edoardo Crespi A"]
[Site "Milano ITA"]
[Date "2012.12.05"]
[Round "1"]
[White "Nepi, Ezio"]
[Black "Miracola, Giorgia"]
[WhiteElo "1945"]
[BlackElo "1839"]
[Result "1-0"]
[PlyCount "45"]
[EventDate "2012.12.05"]

1. d4 Nf6 2. c4 g6 3. Nc3 d5 4. Bg5 Ne4 5. Bf4 Nxc3 6. bxc3 Bg7 7. Nf3 c5 8. e3
Nc6 9. cxd5 Qxd5 10. Be2 O-O 11. O-O Rd8 12. Qa4 h6 13. Rab1 a6 14. Rfd1 Bd7
15. Qa3 cxd4 16. cxd4 Bf5 17. Rbc1 Rac8 18. h3 Qd7 19. d5 Na7 20. Rxc8 Rxc8 21.
Ne5 Nb5 22. Bxb5 Qxb5 23. Qxe7 1-0

[Event "XXXIII Memorial Edoardo Crespi A"]
[Site "Milano ITA"]
[Date "2012.12.05"]
[Round "1"]
[White "Penna, Tommaso"]
[Black "Rinaldo, Andrea"]
[WhiteElo "1893"]
[BlackElo "1753"]
[Result "1-0"]
[PlyCount "103"]
[EventDate "2012.12.05"]

1. d4 d5 2. c4 c6 3. Nc3 Nf6 4. Nf3 e6 5. e3 Be7 6. Bd3 Nbd7 7. O-O O-O 8. b3
Qa5 9. Bd2 dxc4 10. bxc4 Qc7 11. Qb3 e5 12. Rac1 Re8 13. Rfd1 Qd6 14. Ne4 Nxe4
15. Bxe4 Bf6 16. Bb4 Qe6 17. d5 Qg4 18. Qc2 cxd5 19. Bxh7+ Kh8 20. Bf5 Qh5 21.
cxd5 Nb6 22. Bxc8 Raxc8 23. Qe4 Qh7 24. Qxh7+ Kxh7 25. e4 Nd7 26. g3 g6 27. h4
Bg7 28. d6 Rc6 29. Rxc6 bxc6 30. Rc1 c5 31. Bxc5 Bh6 32. Rc3 f5 33. Bxa7 fxe4
34. Ng5+ Bxg5 35. hxg5 Re6 36. Rc6 Kg7 37. Kf1 Kf7 38. Ke2 Re8 39. Rc2 Ra8 40.
Be3 Ke6 41. Rd2 Rb8 42. a4 Ra8 43. Ra2 Kxd6 44. a5 Ra6 45. Kd2 Kd5 46. Kc3 Kc6
47. Kb4 Kb7 48. Rd2 Kc6 49. Rc2+ Kb7 50. Kb5 Nb8 51. Bb6 Ra8 52. Rc7# 1-0

[Event "XXXIII Memorial Edoardo Crespi A"]
[Site "Milano ITA"]
[Date "2012.12.05"]
[Round "1"]
[White "Pepe, Mario"]
[Black "Fornasir, Carlo Gustavo"]
[WhiteElo "1993"]
[BlackElo "1875"]
[Result "1-0"]
[PlyCount "37"]
[EventDate "2012.12.05"]

1. e4 c5 2. Nf3 Nc6 3. Bb5 a6 4. Bxc6 dxc6 5. O-O g6 6. Qe2 Bg7 7. Rd1 e5 8. d3
Qd6 9. b3 Ne7 10. Nbd2 b5 11. Ba3 O-O 12. Qe3 b4 13. Nc4 Qc7 14. Bb2 f6 15.
Qxc5 Rb8 16. a3 Rd8 17. axb4 Rb5 18. Qe3 Rxb4 19. Bc3 1-0

[Event "XXXIII Memorial Edoardo Crespi A"]
[Site "Milano ITA"]
[Date "2012.12.05"]
[Round "1"]
[White "Primerano, Carlo"]
[Black "Bisignano, Giuseppe"]
[WhiteElo "1773"]
[BlackElo "1895"]
[Result "0-1"]
[PlyCount "76"]
[EventDate "2012.12.05"]

1. d4 Nf6 2. c4 e6 3. Nc3 c5 4. d5 exd5 5. cxd5 d6 6. e4 g6 7. Nf3 Bg7 8. h3
O-O 9. Bd3 Re8 10. O-O a6 11. a4 Nbd7 12. Bf4 Qc7 13. Re1 Nh5 14. Bh2 c4 15.
Bc2 Ne5 16. Nxe5 dxe5 17. d6 Qd8 18. b3 Nf4 19. bxc4 Be6 20. c5 Rc8 21. Nd5
Bxd5 22. exd5 Rxc5 23. Bxf4 exf4 24. Rxe8+ Qxe8 25. Rb1 Qd7 26. Be4 Rc4 27. Bc2
b5 28. axb5 axb5 29. Bb3 Rc3 30. Qe2 Bf8 31. Qd2 b4 32. Qxf4 Bxd6 33. Qe4 Qc8
34. Qe1 Qf5 35. Ba4 Qf4 36. g3 Qg5 37. Qe8+ Kg7 38. Rf1 Rxg3+ 0-1

[Event "XXXIII Memorial Edoardo Crespi A"]
[Site "Milano ITA"]
[Date "2012.12.05"]
[Round "1"]
[White "Reale, Simone"]
[Black "Messina, Roberta"]
[WhiteElo "1880"]
[BlackElo "1993"]
[Result "0-1"]
[PlyCount "80"]
[EventDate "2012.12.05"]

1. d4 Nf6 2. Nf3 e6 3. c4 Nc6 4. a3 d6 5. Nc3 Qe7 6. e4 e5 7. d5 Nb8 8. Be2 g6
9. O-O Bg7 10. b4 O-O 11. Ne1 c6 12. Be3 cxd5 13. cxd5 Ne8 14. Qb3 f5 15. f3 f4
16. Bf2 g5 17. Nd3 Rf6 18. Rfc1 Bd7 19. a4 Rh6 20. Nb5 Na6 21. Nxa7 Qf7 22. b5
Qh5 23. bxa6 Qxh2+ 24. Kf1 Qh1+ 25. Bg1 Rh2 26. Ne1 Bh3 27. gxh3 Nf6 28. axb7
Rf8 29. Qd3 Nh5 30. Nc2 Ng3+ 31. Ke1 Qxg1+ 32. Kd2 Qxa7 33. Re1 Qxb7 34. Qb5
Qc7 35. Rab1 Rc8 36. Qc6 Qa5+ 37. Nb4 Rxc6 38. dxc6 Qc5 39. Nd5 Qd4+ 40. Kc2
Qxa4+ 0-1

[Event "XXXIII Memorial Edoardo Crespi A"]
[Site "Milano ITA"]
[Date "2012.12.05"]
[Round "1"]
[White "Regorda, Vittorio"]
[Black "Ganci, Stefano"]
[WhiteElo "1801"]
[BlackElo "1933"]
[Result "1-0"]
[PlyCount "149"]
[EventDate "2012.12.05"]

1. d4 b6 2. Nf3 Bb7 3. Nbd2 e6 4. g3 c5 5. e3 Nf6 6. Bg2 Qc7 7. O-O Be7 8. Re1
d6 9. c3 Nc6 10. b3 Rc8 11. Bb2 Qb8 12. a3 Qa8 13. Rc1 O-O 14. Qe2 Rfe8 15. e4
Bf8 16. Qd3 Ne7 17. e5 dxe5 18. dxe5 Red8 19. Qe2 Ne8 20. c4 Rd7 21. Rcd1 Rcd8
22. Nf1 Nf5 23. Rxd7 Rxd7 24. Rd1 Qd8 25. Rxd7 Qxd7 26. Qd2 Qxd2 27. N3xd2 Bxg2
28. Kxg2 h5 29. Nf3 Be7 30. a4 Nc7 31. N1d2 Na6 32. Bc3 Nb8 33. h4 Nc6 34. Ne4
Kf8 35. Kf1 Ke8 36. Nfd2 Kd7 37. Nf3 Bd8 38. Ke2 Bc7 39. Kd3 Ke7 40. Ned2 f6
41. exf6+ gxf6 42. Ne4 e5 43. Ned2 Ke6 44. Nf1 Ncd4 45. Bxd4 cxd4 46. N3d2 Bd6
47. f3 Bb4 48. Ne4 Ba5 49. c5 bxc5 50. Nxc5+ Ke7 51. Ne4 Bb4 52. Nh2 Ke6 53.
Nf1 Nh6 54. Kc4 Be1 55. b4 Nf7 56. Nc5+ Kd6 57. Nd3 Bc3 58. Nc5 f5 59. Nb3 Ke6
60. Nc5+ Kd6 61. b5 Be1 62. a5 Nd8 63. a6 Ba5 64. Nh2 Nf7 65. Nb7+ Kc7 66. Nxa5
Nd6+ 67. Kc5 d3 68. Nb3 e4 69. Nf1 exf3 70. Nbd2 f2 71. Kb4 Kb6 72. Nc4+ Nxc4
73. Kxc4 Ka5 74. Kc5 Ka4 75. b6 1-0

[Event "XXXIII Memorial Edoardo Crespi A"]
[Site "Milano ITA"]
[Date "2012.12.05"]
[Round "1"]
[White "Rossi, Giampiero"]
[Black "Pecorario, Stefano"]
[WhiteElo "1896"]
[BlackElo "1774"]
[Result "0-1"]
[PlyCount "76"]
[EventDate "2012.12.05"]

1. d4 Nf6 2. c4 e6 3. Nc3 Bb4 4. Qc2 c5 5. dxc5 Bxc5 6. Nf3 h6 7. e3 Nc6 8. a3
a5 9. Be2 b6 10. O-O Bb7 11. Rd1 O-O 12. Bd2 Rc8 13. Rac1 Qc7 14. Be1 Ne5 15.
Nb5 Qb8 16. Nxe5 Qxe5 17. Bf3 Bxf3 18. gxf3 d5 19. Qe2 Be7 20. cxd5 Nxd5 21.
Nc3 Qh5 22. f4 Qg6+ 23. Kf1 Nf6 24. Qf3 Rc5 25. Qb7 Bd8 26. Rd4 Ng4 27. h3 Nh2+
28. Ke2 Qh5+ 29. f3 Qxh3 30. Bf2 Bf6 31. Rd3 Rfc8 32. e4 R5c6 33. e5 Bh4 34.
Bxb6 Qg2+ 35. Kd1 Nxf3 36. Bxa5 Qf1+ 37. Kc2 Ne1+ 38. Kb3 Qxd3 0-1

[Event "XXXIII Memorial Edoardo Crespi A"]
[Site "Milano ITA"]
[Date "2012.12.05"]
[Round "1"]
[White "Villalba, Fernando"]
[Black "Consalvo, Gerardo"]
[WhiteElo "1852"]
[BlackElo "1959"]
[Result "0-1"]
[PlyCount "81"]
[EventDate "2012.12.05"]

1. d4 c5 2. c3 Nf6 3. Nf3 g6 4. Bf4 Bg7 5. e3 O-O 6. Be2 b6 7. Nbd2 Bb7 8. O-O
d6 9. h3 Nbd7 10. a4 a6 11. Bh2 Re8 12. Qc2 Rc8 13. Rfe1 Qc7 14. Rac1 Qb8 15.
Qb3 Qa8 16. Bf1 Bh6 17. Qd1 Bc6 18. Be2 Qb7 19. Bg3 Nh5 20. Bh2 Ng7 21. Bf1 f5
22. Ra1 Nf6 23. Bc4+ Kh8 24. Be2 g5 25. Rf1 Ne4 26. Ne1 Nxd2 27. Qxd2 e5 28.
dxe5 dxe5 29. c4 Rcd8 30. Qc3 Rd6 31. Bf3 e4 32. Be2 Kg8 33. b4 Qc7 34. b5 axb5
35. axb5 Bb7 36. Nc2 Re7 37. Rad1 Ne6 38. Rb1 Bg7 39. Qe1 Nf8 40. Bh5 Ng6 41.
Rd1 0-1

[Event "XXXIII Memorial Edoardo Crespi A"]
[Site "Milano ITA"]
[Date "2012.12.06"]
[Round "2"]
[White "Baltzopoulos, Giorgos"]
[Black "Murgia, Andrea"]
[WhiteElo "1956"]
[BlackElo "2009"]
[Result "1-0"]
[PlyCount "51"]
[EventDate "2012.12.05"]

1. d4 f5 2. Nf3 Nf6 3. Bg5 Ne4 4. h4 c5 5. e3 Qb6 6. Nbd2 Nxd2 7. Nxd2 cxd4 8.
Bc4 dxe3 9. fxe3 e6 10. Bb3 d5 11. Qf3 Nc6 12. O-O-O a5 13. c4 a4 14. Bc2 Ne5
15. Qg3 Ng4 16. cxd5 Bd6 17. Qf3 a3 18. Nc4 axb2+ 19. Kb1 Qa6 20. Nxd6+ Qxd6
21. dxe6 Qc7 22. Rd8+ Qxd8 23. Bxd8 Bxe6 24. Bb6 O-O 25. Bd4 Rxa2 26. Bxb2 1-0

[Event "XXXIII Memorial Edoardo Crespi A"]
[Site "Milano ITA"]
[Date "2012.12.06"]
[Round "2"]
[White "Bisignano, Giuseppe"]
[Black "Pepe, Mario"]
[WhiteElo "1895"]
[BlackElo "1993"]
[Result "0-1"]
[PlyCount "74"]
[EventDate "2012.12.05"]

1. e4 Nf6 2. Nc3 d5 3. e5 Ne4 4. d4 Nxc3 5. bxc3 e6 6. Bd3 c5 7. Bb5+ Bd7 8.
Qe2 cxd4 9. Bxd7+ Nxd7 10. cxd4 Bb4+ 11. Bd2 Qa5 12. Nf3 Rc8 13. O-O Bxd2 14.
Qxd2 Qxd2 15. Nxd2 Rxc2 16. Rfc1 Rxc1+ 17. Rxc1 Kd8 18. Nb3 Nb8 19. Nc5 b6 20.
Nb7+ Kd7 21. Nd6 f6 22. f4 Nc6 23. Rd1 Rf8 24. g3 fxe5 25. fxe5 a6 26. a4 g5
27. h3 h5 28. Rb1 Kc7 29. Rc1 h4 30. Kg2 hxg3 31. Kxg3 Rf4 32. h4 Rxh4 33. Rf1
Rf4 34. Rh1 Nxd4 35. Rh7+ Kc6 36. Re7 Nf5+ 37. Nxf5 Rxf5 0-1

[Event "XXXIII Memorial Edoardo Crespi A"]
[Site "Milano ITA"]
[Date "2012.12.06"]
[Round "2"]
[White "Bonassi, Tommaso"]
[Black "Ceka, Shpetim"]
[WhiteElo "1944"]
[BlackElo "1862"]
[Result "1-0"]
[PlyCount "85"]
[EventDate "2012.12.05"]

1. e4 c5 2. Nc3 g6 3. Nge2 Bg7 4. d4 cxd4 5. Nxd4 Nc6 6. Be3 d6 7. Be2 Bd7 8.
O-O a6 9. a4 Rc8 10. Kh1 Ne5 11. f4 Nc4 12. Bxc4 Rxc4 13. Qd3 Qc8 14. Nd5 Rc5
15. b4 Rxd5 16. exd5 Nf6 17. c4 Ng4 18. Bg1 O-O 19. h3 Nh6 20. Ra3 e6 21. Re1
e5 22. fxe5 dxe5 23. Nf3 f6 24. c5 Re8 25. Nd2 g5 26. Nc4 Bf5 27. Qf1 Qd7 28.
Nd6 Rf8 29. b5 Ra8 30. Nxf5 Nxf5 31. c6 bxc6 32. dxc6 Qe6 33. Rc3 g4 34. Qc4
Qxc4 35. Rxc4 axb5 36. axb5 gxh3 37. gxh3 Ra3 38. c7 Nd6 39. c8=Q+ Nxc8 40.
Rxc8+ Kf7 41. Rb1 Rxh3+ 42. Kg2 Rd3 43. b6 1-0